Catalog

Record Details

Catalog Search



Available copies

  • 1 of 1 copy available at LARL/NWRL Consortium.

Current holds

1 current hold with 1 total copy.

Show Only Available Copies
Location Call Number / Copy Notes Barcode Shelving Location Status Due Date
Godel Memorial-Warren Library lp KEI (Text) 35500006906620 New Available -

Record details

  • ISBN: 9781965622988
  • Physical Description: 376 pages (large print) ; 23 cm
  • Edition: Large print ed.
  • Publisher: [Place of publication not identified] : Wild Quail Publishing, [2025]

Content descriptions

Summary, etc.:
"When Vice-President Amelia Swanson asks them to ... Read More
Subject: Women > Fiction.
Friendship > Fiction.
Hotels > Fiction.
Hotel management > Fiction.
Cooks > Fiction.
Large type books.
Genre: Domestic fiction.
Large print books.
LDR 00217nam a22001093a 4500
001477440
003LARL_NWRL_CONSORTIUM
00520260106185235.0
008180112s2025 xxx d 000 1 eng d
020 . ‡a9781965622988 ‡q(large print, paperback)
1001 . ‡aKeim, Judith, ‡d1942- ‡eauthor.
24510. ‡aCanapes at the Beach House Hotel / ‡cJudith Keim.
24634. ‡aCanapés at the Beach House Hotel
250 . ‡aLarge print ed.
264 1. ‡a[Place of publication not identified] : ‡bWild Quail Publishing, ‡c[2025]
264 4. ‡c©2025
300 . ‡a376 pages (large print) ; ‡c23 cm
336 . ‡atext ‡btxt ‡2rdacontent
337 . ‡aunmediated ‡bn ‡2rdamedia
338 . ‡avolume ‡bnc ‡2rdacarrier
340 . ‡nlarge print ‡2rdafs
4900 . ‡aBeach House Hotel ; ‡v11
520 . ‡a"When Vice-President Amelia Swanson asks them to oversee a stay at the hotel by the Italian Ambassador to the United Nations in New York City and his family, Ann and Rhonda hope this won't mean another problem for The Beach House Hotel. Enrico Ferrara, his wife, Catarina, and his daughter, Philippa arrive at the hotel at the same time a young chef, Chet Waring, and a friend, Harper Lewis come seeking employment at the hotel after being unfairly booted from the restaurant scene by a notorious, difficult chef. The same chef, Jonny Arno, is opening an Italian restaurant close to The Beach House Hotel to compete directly with them. All of these people and a few more come together to create a recipe for danger, love, and loyalty"--Amazon.
650 0. ‡aWomen ‡vFiction.
650 0. ‡aFriendship ‡vFiction. ‡0(LARL_NWRL_CONSORTIUM)164944
650 0. ‡aHotels ‡vFiction. ‡0(LARL_NWRL_CONSORTIUM)165690
650 0. ‡aHotel management ‡vFiction.
650 0. ‡aCooks ‡vFiction. ‡0(LARL_NWRL_CONSORTIUM)164109
650 0. ‡aLarge type books. ‡0(LARL_NWRL_CONSORTIUM)24284
655 7. ‡aDomestic fiction. ‡2lcgft
655 7. ‡aLarge print books. ‡2lcgft
901 . ‡a477440 ‡bAUTOGEN ‡c477440 ‡tbiblio ‡sSystem Local

Additional Resources